Tous les Souliers d'Or européens de football depuis 1997 - Statistiques

Statistiques générales
  • Ce quiz a été pris 163 fois
  • Le résultat moyen est 22 sur 29
Statistiques - réponses
Année Club Nombre de buts Joueurs % Correct
2015 Real Madrid 48 buts Cristiano Ronaldo
100%
2011 Real Madrid 40 buts Cristiano Ronaldo
100%
2008 Manchester United 31 buts Cristiano Ronaldo
100%
2014 Real Madrid et Liverpool (2 joueurs) 31 buts Cristiano Ronaldo et Luis Suarez
100%
2025 Real Madrid 31 buts Kylian Mbappé
100%
2019 FC Barcelone 36 buts Lionel Messi
99%
2018 FC Barcelone 34 buts Lionel Messi
99%
2017 FC Barcelone 37 buts Lionel Messi
99%
2013 FC Barcelone 46 buts Lionel Messi
99%
2012 FC Barcelone 50 buts Lionel Messi
99%
2010 FC Barcelone 34 buts Lionel Messi
99%
2023 Manchester City 36 buts Erling Haaland
98%
2024 Bayern Munich 36 buts Harry Kane
98%
1997 FC Barcelone 34 buts Ronaldo
98%
2022 Bayern Munich 35 buts Robert Lewandowski
96%
2021 Bayern Munich 41 buts Robert Lewandowski
96%
2016 FC Barcelone 40 buts Luis Suarez
95%
2005 Arsenal et Villarreal (2 joueurs) 25 buts Thierry Henry et Diego Forlan
91%
2020 SS Lazio 36 buts Ciro Immobile
88%
2004 Arsenal 30 buts Thierry Henry
84%
2007 AS Rome 26 buts Francesco Totti
83%
2009 Atlético de Madrid 32 buts Diego Forlan
74%
2006 Fiorentina 31 buts Luca Toni
26%
2001 Celtic FC 35 buts Henrik Larsson
19%
2003 Real Club Deportivo 29 buts Roy Makaay
16%
2002 Sporting Portugal 42 buts Mario Jardel
12%
1999 FC Porto 36 buts Mario Jardel
12%
2000 Sunderland 30 buts Kevin Phillips
3%
1998 Vitesse Arnhem 34 buts Nikos Machlas
2%
Aucun quiz correspondant
Distribution des résultats
% des personnes avec chaque résultat
Percentile par nombre de réponses
Votre historique - résultats
Vous n’avez pas pris ce quiz